[Event "HUN-chT2 Barcza 0203"]
[Site "Hungary"]
[Date "2002.11.24"]
[Round "3"]
[White "Mohacsi, Imre"]
[Black "Kocsis, Gyorgy"]
[Result "1/2-1/2"]
[WhiteElo "2165"]
[BlackElo "2273"]
[PlyCount "23"]
[EventDate "2002.09.22"]
[EventType "team"]
[EventRounds "11"]
[EventCountry "HUN"]
[SourceTitle "EXT 2009"]
[Source "ChessBase"]
[SourceDate "2008.11.26"]
[SourceVersion "1"]
[SourceVersionDate "2008.11.26"]
[SourceQuality "1"]

1. e4 c5 2. d4 cxd4 3. c3 Nf6 4. e5 Nd5 5. Bc4 Nb6 6. Bb3 Nc6 7. Nf3 g6 8. 0-0 Bg7 9. Re1 0-0 10. Bg5 d5 11. cxd4 Bg4 12. Be3 1/2-1/2

[Event "HUN-chT3 0102"]
[Site "Hungary"]
[Date "2002.04.21"]
[Round "11"]
[White "Kocsis, Gyorgy"]
[Black "Valko, Krisztian"]
[Result "1/2-1/2"]
[WhiteElo "2273"]
[BlackElo "2140"]
[PlyCount "62"]
[EventDate "2001.09.30"]
[EventType "team"]
[EventRounds "11"]
[EventCountry "HUN"]
[SourceTitle "EXT 2004"]
[Source "ChessBase"]
[SourceDate "2003.11.25"]
[SourceVersion "1"]
[SourceVersionDate "2003.11.25"]
[SourceQuality "1"]

1. e4 e5 2. Bc4 Bc5 3. Nf3 Nc6 4. c3 Nf6 5. d4 exd4 6. e5 d5 7. Bb5 Ne4 8. cxd4 Bb6 9. h3 0-0 10. 0-0 f6 11. Nc3 fxe5 12. Bxc6 bxc6 13. Nxe5 Ba6 14. Nxe4 dxe4 15. Qb3+ Qd5 16. Qxd5+ cxd5 17. Rd1 c5 18. Nd7 cxd4 19. Nxb6 axb6 20. Rxd4 Bc4 21. a3 Kf7 22. Bd2 Ke6 23. Re1 Kf7 24. Re3 Rfd8 25. Bc3 Re8 26. f3 exf3 27. Rxf3+ Kg8 28. Rg4 g6 29. Rf6 b5 30. Rb6 Ra7 31. Rf4 Rf7 1/2-1/2

[Event "HUN-chT3 0001"]
[Site "Hungary"]
[Date "2001.02.04"]
[Round "6.3"]
[White "Konya, Laszlo"]
[Black "Kocsis, Gyorgy"]
[Result "1/2-1/2"]
[WhiteElo "2131"]
[BlackElo "2285"]
[PlyCount "26"]
[EventDate "2000.10.29"]
[EventType "team"]
[EventRounds "11"]
[EventCountry "HUN"]
[SourceTitle "EXT 2007"]
[Source "ChessBase"]
[SourceDate "2006.11.23"]
[SourceVersion "1"]
[SourceVersionDate "2006.11.23"]
[SourceQuality "1"]

1. d4 Nf6 2. Nf3 g6 3. c4 Bg7 4. Nc3 0-0 5. e4 d6 6. Be2 e5 7. dxe5 dxe5 8. Qxd8 Rxd8 9. Bg5 Re8 10. 0-0 c6 11. Rfd1 h6 12. Bxf6 Bxf6 13. h3 Na6 1/2-1/2

[Event "HUN-chT2 9900"]
[Site "Hungary"]
[Date "1999.11.14"]
[Round "4"]
[White "Sinka, Istvan"]
[Black "Kocsis, Gyorgy"]
[Result "1-0"]
[WhiteElo "2332"]
[BlackElo "2285"]
[PlyCount "42"]
[EventDate "1999.09.26"]
[EventType "team"]
[EventRounds "11"]
[EventCountry "HUN"]
[SourceTitle "EXT 2002"]
[Source "ChessBase"]
[SourceDate "2001.11.25"]
[SourceVersion "1"]
[SourceVersionDate "2001.11.25"]
[SourceQuality "1"]

1. e4 c5 2. c3 Nf6 3. e5 Nd5 4. g3 Nc6 5. Bg2 Qc7 6. f4 e6 7. Qe2 Rb8 8. Nf3 b5 9. 0-0 Be7 10. d3 0-0 11. c4 bxc4 12. dxc4 Ba6 13. b3 Nb6 14. Bb2 Rfd8 15. Nc3 Bf8 16. Ne4 Nc8 17. Nfg5 h6 18. Qg4 hxg5 19. Qxg5 Be7 20. Nf6+ Kf8 21. Qh4 Bxf6 1-0

[Event "HUN-chT3 9899"]
[Site "Hungary"]
[Date "1999.04.11"]
[Round "10"]
[White "Kocsis, Gyorgy"]
[Black "Hajnal, Gyula"]
[Result "1/2-1/2"]
[WhiteElo "2285"]
[BlackElo "2135"]
[PlyCount "59"]
[EventDate "1998.09.??"]
[EventType "team"]
[EventRounds "11"]
[EventCountry "HUN"]
[SourceTitle "EXT 2001"]
[Source "ChessBase"]
[SourceDate "2000.11.22"]
[SourceVersion "1"]
[SourceVersionDate "2000.11.22"]
[SourceQuality "1"]

1. e4 c5 2. Nf3 Nc6 3. Bb5 d6 4. 0-0 Bd7 5. d4 cxd4 6. Nxd4 g6 7. Nc3 Bg7 8. Be3 Nf6 9. f3 0-0 10. Qd2 a6 11. Bxc6 bxc6 12. Rfd1 h5 13. Nb3 Kh7 14. Qd3 Qc7 15. a4 Rfb8 16. Rab1 Be6 17. Nd4 Bd7 18. Nde2 Ne8 19. b3 f5 20. exf5 Bxf5 21. Ne4 Kh8 22. Qd2 d5 23. N4g3 e5 24. Bh6 Nd6 25. Bxg7+ Qxg7 26. Qc3 Rc8 27. f4 exf4 28. Qxg7+ Kxg7 29. Nxf5+ Nxf5 30. Nxf4 1/2-1/2

[Event "Sarospatak op"]
[Site "Budapest"]
[Date "1997.??.??"]
[Round "?"]
[White "Simon, Nandor"]
[Black "Kocsis, Gyorgy"]
[Result "0-1"]
[WhiteElo "2080"]
[BlackElo "2300"]
[PlyCount "68"]
[EventDate "1997.??.??"]
[EventType "swiss"]
[EventRounds "9"]
[EventCountry "HUN"]
[SourceTitle "EXT 2001"]
[Source "ChessBase"]
[SourceDate "2000.11.22"]
[SourceVersion "1"]
[SourceVersionDate "2000.11.22"]
[SourceQuality "1"]

1. e4 c5 2. Nf3 Nc6 3. d4 cxd4 4. Nxd4 Nf6 5. Nc3 e5 6. Ndb5 d6 7. Bg5 a6 8. Na3 b5 9. Nd5 Be7 10. Bxf6 Bxf6 11. c3 Bg5 12. Nc2 0-0 13. h4 Bh6 14. g4 Bf4 15. Nce3 Bxe3 16. Nxe3 Ne7 17. Qd2 Bb7 18. Bg2 Qc7 19. Rd1 Rfd8 20. h5 f6 21. Nf5 Nxf5 22. gxf5 Qf7 23. a3 Rac8 24. Bf3 Rc4 25. Qd3 a5 26. Rg1 Kh8 27. Ke2 b4 28. axb4 axb4 29. Rg3 bxc3 30. bxc3 Qc7 31. Bh1 Ba6 32. Ke1 Ra4 33. Qc2 Qc4 34. Rg1 Ra2 0-1

[Event "Nyiregyhaza op"]
[Site "Nyiregyhaza"]
[Date "1996.??.??"]
[Round "3"]
[White "Mede, Istvan"]
[Black "Kocsis, Gyorgy"]
[Result "1/2-1/2"]
[WhiteElo "2170"]
[BlackElo "2290"]
[PlyCount "57"]
[EventDate "1996.07.??"]
[EventType "swiss"]
[EventRounds "9"]
[EventCountry "HUN"]
[SourceTitle "EXT 2004"]
[Source "ChessBase"]
[SourceDate "2003.11.25"]
[SourceVersion "1"]
[SourceVersionDate "2003.11.25"]
[SourceQuality "1"]

1. e4 c5 2. Nf3 Nc6 3. d4 cxd4 4. Nxd4 Nf6 5. Nc3 e5 6. Ndb5 d6 7. Bg5 a6 8. Na3 b5 9. Nd5 Be7 10. Bxf6 Bxf6 11. c3 Bg5 12. Nc2 0-0 13. h4 Bh6 14. g4 Bf4 15. Nce3 Bxe3 16. Nxe3 Be6 17. Bg2 b4 18. Nf5 bxc3 19. bxc3 Qd7 20. Qd2 g6 21. Rd1 Kh8 22. Qh6 Rg8 23. h5 Rab8 24. Qg5 Qd8 25. hxg6 Rxg6 26. Qh5 Qg8 27. Bf3 Bxa2 28. Nh6 Qg7 29. Nf5 1/2-1/2

[Event "Zalakaros op 15th"]
[Site "Zalakaros"]
[Date "1996.??.??"]
[Round "8"]
[White "Meszaros, Attila"]
[Black "Kocsis, Gyorgy"]
[Result "0-1"]
[WhiteElo "2090"]
[BlackElo "2290"]
[PlyCount "92"]
[EventDate "1996.??.??"]
[EventType "swiss"]
[EventRounds "9"]
[EventCountry "HUN"]
[SourceTitle "CBM 052 Extra"]
[Source "ChessBase"]
[SourceDate "1996.07.01"]
[SourceVersion "1"]
[SourceVersionDate "1996.07.01"]
[SourceQuality "1"]

1. e4 c5 2. Nf3 Nc6 3. d4 cxd4 4. Nxd4 Nf6 5. Nc3 e5 6. Ndb5 d6 7. Bg5 a6 8. Na3 b5 9. Nd5 Be7 10. Bxf6 Bxf6 11. c4 b4 12. Nc2 a5 13. b3 Bg5 14. g3 0-0 15. Bg2 Be6 16. 0-0 Rb8 17. Qd3 f5 18. exf5 Bxf5 19. Be4 g6 20. Nde3 Bxe3 21. fxe3 Ne7 22. Rad1 Qb6 23. Bxf5 Nxf5 24. g4 Nh6 25. h3 Nf7 26. Rf6 Kg7 27. Rff1 Qd8 28. Qd2 Qh4 29. Qg2 Ng5 30. Kh2 Rbd8 31. Qg3 Qxg3+ 32. Kxg3 Ne4+ 33. Kg2 Nc3 34. Rxf8 Kxf8 35. Rf1+ Ke7 36. a3 bxa3 37. Nxa3 Rb8 38. Nb5 Nxb5 39. cxb5 Rxb5 40. Ra1 d5 41. Ra3 Kd6 42. Kf3 Kc5 43. Ra4 Kb6 44. Ra3 Rb4 45. Ke2 Kb5 46. Kd3 h5 0-1

[Event "Schneider Memorial op "]
[Site "Budapest"]
[Date "1996.??.??"]
[Round "?"]
[White "Tornai, Imre"]
[Black "Kocsis, Gyorgy"]
[Result "0-1"]
[WhiteElo "2205"]
[BlackElo "2250"]
[PlyCount "92"]
[EventDate "1996.??.??"]
[EventType "swiss"]
[EventRounds "9"]
[EventCountry "HUN"]
[SourceTitle "EXT 1999"]
[Source "ChessBase"]
[SourceDate "1998.11.16"]
[SourceVersion "1"]
[SourceVersionDate "1998.11.16"]
[SourceQuality "1"]

1. e4 c5 2. Nf3 Nc6 3. Nc3 g6 4. d4 cxd4 5. Nxd4 Bg7 6. Be3 Nf6 7. Bc4 0-0 8. 0-0 d6 9. h3 Bd7 10. Bb3 Na5 11. Qd3 a6 12. f4 Nxb3 13. axb3 Qc7 14. Rf2 Rfd8 15. Nd5 Nxd5 16. exd5 e6 17. dxe6 fxe6 18. c3 e5 19. Nf3 Qc6 20. Qd2 Bf5 21. Rd1 Rd7 22. c4 Rad8 23. Qa5 Re8 24. fxe5 dxe5 25. Rxd7 Bxd7 26. Qd2 Bf5 27. Qd1 Qe4 28. Qd2 Bf6 29. Ng5 Qc6 30. Qd1 h6 31. Nf3 Kh7 32. Ne1 Qe4 33. Qc1 Bg7 34. Qd2 Bf6 35. Qc1 Bg7 36. Rf3 Rd8 37. Bb6 Rd6 38. Bc5 Rd7 39. Bf2 Qe2 40. Re3 Qd2 41. Qa1 e4 42. Kf1 Bd4 43. Re2 Qf4 44. Nc2 e3 45. Nxe3 Bd3 46. Qc1 Rf7 0-1

[Event "HUN-chT2 9495"]
[Site "Hungary"]
[Date "1995.??.??"]
[Round "?"]
[White "Ezsol, Miklos"]
[Black "Kocsis, Gyorgy"]
[Result "1-0"]
[WhiteElo "2295"]
[BlackElo "2290"]
[PlyCount "73"]
[EventDate "1994.??.??"]
[EventType "team"]
[EventRounds "13"]
[EventCountry "HUN"]
[SourceTitle "EXT 1999"]
[Source "ChessBase"]
[SourceDate "1998.11.16"]
[SourceVersion "1"]
[SourceVersionDate "1998.11.16"]
[SourceQuality "1"]

1. d4 Nf6 2. Nf3 g6 3. Bg5 Bg7 4. Nbd2 d5 5. e3 0-0 6. c3 Nbd7 7. Bd3 c6 8. h4 Qe8 9. Qc2 e5 10. dxe5 Ng4 11. Bf4 Nc5 12. h5 Nxd3+ 13. Qxd3 Bf5 14. Qe2 Nxe5 15. Nxe5 Bxe5 16. Bh6 Bg7 17. Bxg7 Kxg7 18. g4 Bc2 19. Nf1 Qe4 20. Ng3 Qd3 21. Qf3 f6 22. hxg6 Qxg6 23. Nf5+ Kh8 24. Rh6 Qg5 25. Rh5 Qg6 26. Kd2 Be4 27. Qh3 Rae8 28. Rh6 Qg8 29. Qh4 Bxf5 30. gxf5 Re4 31. Qh2 Rg4 32. Rh1 Rf7 33. Qd6 Rg2 34. R1h2 Rxh2 35. Qxh2 a6 36. Ke1 Qg5 37. Rg6 1-0

[Event "Sarospatak op-A"]
[Site "Sarospatak"]
[Date "1995.??.??"]
[Round "6"]
[White "Fellegi, Tibor"]
[Black "Kocsis, Gyorgy"]
[Result "1-0"]
[WhiteElo "2125"]
[BlackElo "2290"]
[PlyCount "39"]
[EventDate "1995.06.??"]
[EventType "swiss"]
[EventRounds "9"]
[EventCountry "HUN"]
[SourceTitle "EXT 1999"]
[Source "ChessBase"]
[SourceDate "1998.11.16"]
[SourceVersion "1"]
[SourceVersionDate "1998.11.16"]
[SourceQuality "1"]

1. e4 c5 2. Nc3 Nc6 3. f4 g6 4. Nf3 Bg7 5. Bc4 d6 6. 0-0 Nf6 7. Qe1 0-0 8. d3 Nd7 9. f5 Nce5 10. Bb3 Nxf3+ 11. Rxf3 Ne5 12. Rg3 e6 13. Bg5 Qb6 14. Na4 Qc7 15. f6 Bh8 16. Nc3 Bd7 17. Rh3 b5 18. Qg3 Qb6 19. Kh1 c4 20. Rh6 1-0